Mannschaften nach Bundesliga-Platzierungen 1971 – 1980 - Statistiken

Allgemein
  • Dieses Quiz wurde 181 mal gespielt
  • Das Durchschnittsergebnis liegt bei 20 aus 31
Antwortstatistiken
Mannschaft % Korrekt
Borussia Mönchengladbach
99%
FC Bayern München
99%
Hamburger SV
84%
1. FC Köln
79%
Hertha BSC Berlin
74%
VfB Stuttgart
73%
FC Schalke 04
72%
1. FC Kaiserslautern
70%
Borussia Dortmund
69%
SV Werder Bremen
69%
Eintracht Frankfurt
67%
MSV Duisburg
65%
VfL Bochum
65%
Bayer 04 Leverkusen
64%
DSC Arminia Bielefeld
64%
Eintracht Braunschweig
64%
Fortuna Düsseldorf
63%
Hannover 96
63%
Kickers Offenbach
60%
Rot-Weiss Essen
60%
1. FC Nürnberg
58%
FC St. Pauli
58%
Rot-Weiß Oberhausen
58%
TSV 1860 München
58%
Wuppertaler SV
58%
Karlsruher SC
57%
SV Darmstadt 98
56%
SC Fortuna Köln
55%
Tennis Borussia Berlin
55%
1. FC Saarbrücken
54%
Bayer 05 Uerdingen
52%
Keine übereinstimmenden Quizze gefunden
Verteilung der Resultate
Anzahl Personen mit jedem Resultat
Perzentil nach korrekt beantworteten Fragen
Ihre Resultats-Entwicklung
Sie haben dieses Quiz noch nicht gespielt